| 000 | 01206nam0a22003011 4500 | ||
|---|---|---|---|
| 001 | rc\2316488 | ||
| 005 | 20110829143118.8 | ||
| 035 | _a(NLR Aleph) 006577169 | ||
| 090 |
_a7007250 _c7007250 |
||
| 100 | _a20110829d1977 |||y0rusy50 ca | ||
| 101 | 0 | _arus | |
| 102 | _aRU | ||
| 105 | _ay d ||||| | ||
| 200 | 1 |
_aИдеализм и религия _eРеф. сборник _f[Ред. коллегия Мельвиль Ю.К.] [и др.] _gАН СССР. Ин-т науч. информации по обществ. наукам. Акад. обществ. наук при ЦК КПСС. Ин-т науч. атеизма |
|
| 210 |
_aМосква _cБ. и. _d1977 |
||
| 215 |
_a295 с. _d20 |
||
| 225 | 1 | _aСерия: Проблемы религии и атеизма за рубежом | |
| 300 | _aНа обороте тит. л.: подгот. Гнеушева И.В. | ||
| 320 | _aБиблиогр.: с. 290-295 | ||
| 333 | _aДСП. Экз. № 596 | ||
| 702 | 1 |
_aМельвиль _bЮ. К. _4340 |
|
| 702 | 1 |
_aГнеушева _bИ. В. _4570 |
|
| 801 | 0 |
_aRU _bNLR _gpsbo |
|
| 801 | 1 |
_aRU _bELAR _2rusmarc |
|
| 852 |
_aNLR _j77-50к/1562 |
||
| 899 |
_aRuMoRGB _jБ 77-24/891 |
||
| 942 | _cBOOK | ||
| 980 | _aNB | ||